| 000 | 00974nam a2200277 i 4500 | ||
|---|---|---|---|
| 001 | bg | ||
| 003 | BPK | ||
| 005 | 20220728111948.0 | ||
| 008 | 981023s1987 pl a |001 0 pol | ||
| 015 | _aPB 1987/5812 | ||
| 020 | _a8320804957 | ||
| 040 |
_aWA N _cBPK |
||
| 041 | 0 | _apol | |
| 080 | _a913::33(100) | ||
| 100 | 1 |
_aDobosiewicz, Zbigniew _d(1939-2014) _eAutor |
|
| 245 | 1 | 0 |
_aGeografia ekonomiczna świata / _cZbigniew Dobosiewicz, Tadeusz Olszewski. |
| 250 | _aWyd. 2 zm. i uaktual. | ||
| 260 |
_aWarszawa : _bPańst. Wydaw. Ekonomiczne, _c1987. |
||
| 300 |
_a668, [4] s., [24] s. fot. : _bmapy, wykr. ; _c25 cm. |
||
| 504 | _aBibliogr. s. 623-624. - Indeks. | ||
| 650 | 4 | _aGeografia gospodarcza | |
| 700 | 1 |
_aOlszewski, Tadeusz _d(1914-1990). |
|
| 710 | 2 |
_aPaństwowe Wydawnictwo Ekonomiczne _4pbl. |
|
| 942 |
_2UKD _cKS |
||
| 856 |
_uhttp://koha.tu.koszalin.pl/cgi-bin/koha/opac-detail.pl?biblionumber=3406 _yKatalog online BPK |
||
| 999 |
_c3406 _d3406 |
||